Statistics for Taylor Swift - Mean Lyrics

Click here to take the quiz!

General Stats

  • This quiz has been taken 153 times
  • The average score is 324 of 374

Answer Stats

Answer% Correct
a
99%
me
99%
you
99%
You
99%
I
98%
and
97%
And
97%
mean
97%
mean?
97%
your
97%
be
96%
in
96%
is
95%
so
95%
all
94%
big
94%
city
93%
Got
93%
got
93%
living
93%
old
93%
Someday
93%
someday
93%
with
93%
With
93%
can
92%
ever
92%
i'll
92%
can't
91%
gonna
91%
Why
91%
gotta
90%
you're
90%
like
89%
words
89%
but
88%
But
88%
enough
88%
my
87%
on
87%
that
87%
again
86%
liar
86%
don't
85%
are
84%
knives
84%
pathetic
84%
hit
83%
know
83%
see
82%
against
81%
down
81%
the
81%
life
80%
sing
80%
use
80%
what
80%
football
78%
game
78%
i'm
78%
alone
77%
have
77%
one
77%
weapons
77%
with
77%
bar
76%
just
76%
talking
76%
about
75%
blow
74%
feel
74%
listening
74%
over
74%
single
74%
how
73%
nobody's
73%
out
73%
same
73%
swords
73%
humiliation
72%
now
72%
opinion
72%
when
71%
already
70%
feet
70%
man
70%
from
69%
head
69%
loud
69%
them
69%
to
69%
'cause
68%
nothing
68%
off
68%
walk
68%
yeah
68%
years
68%
flaws
67%
knocked
67%
take
67%
feeling
66%
weaker
66%
as
65%
if
65%
made
64%
nails
64%
chalkboard
63%
impress
63%
never
63%
okay
63%
things
63%
wanna
63%
around
62%
Drunk
62%
lies
62%
picking
62%
pointed
62%
road
62%
sides
62%
Somebody
61%
bet
60%
pushed
60%
up
60%
cold
59%
right
59%
switching
59%
wounded
59%
ends
58%
lead
57%
trying
57%
bitter
56%
cycle
56%
voice
56%
calling
55%
block
54%
Washed
49%
wildfire
49%
ranting
47%
grumbling
40%
Well
38%

Score Distribution

Percentile by Number Answered

Percent of People with Each Score

Your Score History

You have not taken this quiz